000 00585nam a2200229Ia 4500
003 OSt
005 20220817102351.0
008 220817b |||||||| |||| 00| 0 eng d
020 _a0 905435 85 0
040 _cIFM Library
082 _a658.4038011
100 _aLucey, T.
_91452
245 _aMangement Information Systems
250 _a5th ed.
260 _aLondon:
_bDP publications
_c1987
260 _bDP publications
260 _c1987
300 _avii, 254p.
_b: ill. ; 22cm
500 _aIncludes Index
650 _aInformation technology
_99260
942 _cBK
_2ddc
_n0
999 _c4773
_d4773